Wiech na 102! /

Bewaard in:
Bibliografische gegevens
Hoofdauteur: Wiech (1896-1979)
Coauteur: Wydawnictwo Polskiego Towarzystwa Wydawców Książek
Andere auteurs: Korotyński, Henryk (1913-1986) (Wybór)
Formaat: Boek
Taal:Pools
Gepubliceerd in: Warszawa : Wydaw. Polskiego Towarzystwa Wydawców Książek, 1987
Onderwerpen:
Tags: Voeg label toe
Geen labels, Wees de eerste die dit record labelt!

MARC

LEADER 00000nam a2200000 i 4500
001 991007196119705066
005 20260515140226.0
008 981023s1987 pl |000 0 pol d
020 |a 8385000305 
035 |a 991007196119705066 
035 |a (PL-WaBN)b11869306-48omnis_nlop 
035 |a b11869306 
035 |a (OCoLC)835865505 
035 |a zz2003887469 
035 |a (PL)b0000001186930 
035 |a (EXLNZ-48OMNIS_NETWORK)9910520278105606 
040 |a WA N  |c WA N  |d KR U  |d WA N 
041 0 |a pol 
080 |a 884-7 
090 |c 75  |d 74 
100 0 |a Wiech  |d (1896-1979) 
245 1 0 |a Wiech na 102! /  |c Stefan Wiechecki ; wybór i wstęp Henryka Korotyńskiego. 
246 3 |a Wiech na sto dwa 
260 |a Warszawa :  |b Wydaw. Polskiego Towarzystwa Wydawców Książek,  |c 1987  |e (Warsz. :  |f "Tamka"). 
300 |a 171, [5] s. ;  |c 21 cm. 
650 7 |a Satyra polska - 20 w 
700 1 |a Korotyński, Henryk  |d (1913-1986)  |e Wybór 
710 2 |a Wydawnictwo Polskiego Towarzystwa Wydawców Książek 
920 |a 83-85000-30-5 zł 230 
942 |c K 
952 |0 0  |1 0  |4 0  |6 R__56_000000000000000  |7 0  |9 73  |a RYT  |b RYT  |d 2026-04-26  |e 1/2026  |g 10.00  |l 0  |o R.56  |p 2000000000565  |r 2026-05-15 14:02:26  |w 2026-05-15  |y BK  |z da 
999 |c 73  |d 73